000 00381nam a2200157Ia 4500
008 230711s9999||||xx |||||||||||||| ||und||
041 _aENG
082 _a604
_bGI-E
100 _aGill,P.S
245 0 _aEngineering graphics and drafting
250 _a1st Ed.
260 _c2008
_aNew Delhi
_bS.K Kataria & Sons
300 _a821
650 _aMechanical Engineering
942 _cBK
999 _c4916
_d4916